Mencegah salah guna dadah melalui kaunseling

Bibliographic Details
Corporate Author: Malaysia . Kementerian Pelajaran . Bahagian Sekolah-Sekolah . Unit Bimbingan dan Kaunseling
Format: Book
Published: Kuala Lumpur : Dewan Bahasa dan Pustaka , 1983
Subjects:

MARC

LEADER 00000cam a2200000 7i4500
001 0000007051
005 20091229093000.0
008 021119s1983
090 0 0 |a HV5801   |b .M349 
110 1 |a Malaysia .   |b Kementerian Pelajaran .   |b Bahagian Sekolah-Sekolah .   |b Unit Bimbingan dan Kaunseling 
245 1 0 |a Mencegah salah guna dadah melalui kaunseling 
260 2 |a Kuala Lumpur :   |b Dewan Bahasa dan Pustaka ,   |c 1983 
300 |a 157 p. ;   |c 22 cm. 
650 0 |a Drug abuse   |x Prevention 
650 0 |a Narcotic addicts   |x Rehabilitation 
999 |a 1000027494   |b Book   |c OPEN SHELF (30 DAYS)   |e Gong Badak Campus